Paises Que Ganaron Los Mundiales - Estadísticas

Estadísticas generales
  • Esta prueba ha sido intentada 183 veces
  • La puntuación promedio es 22 de 22
Estadísticas de respuestas
Sedes Ganadores % Correcto
Suiza 1954 Alemania
99%
Alemania Federal 1974 Alemania
99%
Italia 1990 Alemania
99%
Brasil 2014 Alemania
99%
Argentina 1978 Argentina
99%
México 1986 Argentina
99%
Qatar 2022 Argentina
99%
Suecia 1958 Brasil
99%
Chile 1962 Brasil
99%
México 1970 Brasil
99%
Estados Unidos 1994 Brasil
99%
Corea/Japon 2002 Brasil
99%
Italia 1934 Italia
99%
Francia 1938 Italia
99%
España 1982 Italia
99%
Alemania 2006 Italia
99%
Sudafrica 2010 España
98%
Francia 1998 Francia
98%
Rusia 2018 Francia
98%
Uruguay 1930 Uruguay
98%
Brasil 1950 Uruguay
98%
Inglaterra 1966 Inglaterra
97%
No se encontraron pruebas coincidentes
Distribución de puntuación
Porcentaje de gente con cada puntuación
Porcentaje por número respondido
Historial de tus puntuaciones
No has intentado esta prueba.